Statistics for Guess the Desserts

Click here to take the quiz!

General Stats

  • This quiz has been taken 280 times
  • The average score is 10 of 16

Answer Stats

Answer% Correct
Ice Cream
99%
Brownie
97%
Cake
93%
Cupcake
92%
Donut
91%
S'mores
87%
Pie
85%
Cheesecake
82%
Macaron
81%
Churros
74%
Frozen yogurt
34%
Pudding
29%
Marshmallow
23%
Fudge
13%
Panna cotta
11%
Tart
10%

Score Distribution

Percentile by Number Answered

Percent of People with Each Score

Your Score History

You have not taken this quiz